Electronic integrated circuits : Their technology and design

Gespeichert in:
Bibliographische Detailangaben
1. Verfasser: Allison, John
Format: Buch
Sprache:Undetermined
Veröffentlicht: New York McGraw-Hill 1975
Schlagworte:
Tags: Tag hinzufügen
Keine Tags, Fügen Sie den ersten Tag hinzu!
Thư viện lưu trữ: Trung tâm Học liệu Trường Đại học Cần Thơ
LEADER 00522nam a2200193Ia 4500
001 CTU_83375
008 210402s9999 xx 000 0 und d
082 |a 621.381 
082 |b A438 
100 |a Allison, John 
245 0 |a Electronic integrated circuits : 
245 0 |b Their technology and design 
245 0 |c John Allison 
260 |a New York 
260 |b McGraw-Hill 
260 |c 1975 
650 |a Integrated circuits 
904 |i QHieu(sửa) 
980 |a Trung tâm Học liệu Trường Đại học Cần Thơ